Dallas Cowboys Coaching Staff Since 2000 - Statistics

General Stats
  • This quiz has been taken 2 times
  • The average score is 24 of 105
Answer Stats
Hint Answer % Correct
2023 OC Brian Schottenheimer
100%
2024 OC Brian Schottenheimer
100%
2025 HC Brian Schottenheimer
100%
2007 OC Jason Garrett
100%
2008 OC Jason Garrett
100%
2009 OC Jason Garrett
100%
2010 HC* Jason Garrett
100%
2010 OC Jason Garrett
100%
2011 HC Jason Garrett
100%
2011 OC Jason Garrett
100%
2012 HC Jason Garrett
100%
2013 HC Jason Garrett
100%
2014 HC Jason Garrett
100%
2015 HC Jason Garrett
100%
2016 HC Jason Garrett
100%
2017 HC Jason Garrett
100%
2018 HC Jason Garrett
100%
2019 HC Jason Garrett
100%
2003 HC Bill Parcells
50%
2004 HC Bill Parcells
50%
2005 HC Bill Parcells
50%
2005 OC Bill Parcells
50%
2006 HC Bill Parcells
50%
2006 OC Bill Parcells
50%
2020 HC Mike McCarthy
50%
2021 HC Mike McCarthy
50%
2022 HC Mike McCarthy
50%
2023 HC Mike McCarthy
50%
2024 HC Mike McCarthy
50%
2012 OC Bill Callahan
0%
2013 OC Bill Callahan
0%
2014 OC Bill Callahan
0%
2007 DC Brian Stewart
0%
2008 DC Brian Stewart
0%
2002 OC Bruce Coslet
0%
2003 STC Bruce DeHaven
0%
2004 STC Bruce DeHaven
0%
2005 STC Bruce DeHaven
0%
2006 STC Bruce DeHaven
0%
2007 STC Bruce Read
0%
2008 STC Bruce Read
0%
2021 DC Dan Quinn
0%
2022 DC Dan Quinn
0%
2023 DC Dan Quinn
0%
2000 HC Dave Campo
0%
2001 HC Dave Campo
0%
2002 HC Dave Campo
0%
2000 OC Jack Reilly
0%
2001 OC Jack Reilly
0%
2000 STC Joe Avezzano
0%
2001 STC Joe Avezzano
0%
2002 STC Joe Avezzano
0%
2009 STC Joe DeCamillis
0%
2010 STC Joe DeCamillis
0%
2011 STC Joe DeCamillis
0%
2012 STC Joe DeCamillis
0%
2020 STC John Fassel
0%
2021 STC John Fassel
0%
2022 STC John Fassel
0%
2023 STC John Fassel
0%
2024 STC John Fassel
0%
2018 STC Keith O’Quinn
0%
2019 OC Kellen Moore
0%
2020 OC Kellen Moore
0%
2021 OC Kellen Moore
0%
2022 OC Kellen Moore
0%
2025 OC Klayton Adams
0%
2025 DC Matt Eberflus
0%
2003 OC Maurice Carthon
0%
2004 OC Maurice Carthon
0%
2020 DC Mike Nolan
0%
2000 DC Mike Zimmer
0%
2001 DC Mike Zimmer
0%
2002 DC Mike Zimmer
0%
2003 DC Mike Zimmer
0%
2004 DC Mike Zimmer
0%
2005 DC Mike Zimmer
0%
2006 DC Mike Zimmer
0%
2024 DC Mike Zimmer
0%
2013 DC Monte Kiffin
0%
2025 STC Nick Sorensen
0%
2010 DC* Paul Pasqualoni
0%
2013 STC Rich Bisaccia
0%
2014 STC Rich Bisaccia
0%
2015 STC Rich Bisaccia
0%
2016 STC Rich Bisaccia
0%
2017 STC Rich Bisaccia
0%
2011 DC Rob Ryan
0%
2012 DC Rob Ryan
0%
2014 DC Rod Marinelli
0%
2015 DC Rod Marinelli
0%
2016 DC Rod Marinelli
0%
2017 DC Rod Marinelli
0%
2018 DC Rod Marinelli
0%
2019 DC Rod Marinelli
0%
2015 OC Scott Linehan
0%
2016 OC Scott Linehan
0%
2017 OC Scott Linehan
0%
2018 OC Scott Linehan
0%
2007 HC Wade Phillips
0%
2008 HC Wade Phillips
0%
2009 HC Wade Phillips
0%
2009 DC Wade Phillips
0%
2010 HC Wade Phillips
0%
2010 DC Wade Phillips
0%
No matching quizzes found
Score Distribution
Percent of People with Each Score
Percentile by Number Answered
Your Score History
You have not taken this quiz